| 000 | 00486cam a2200169 4500 | ||
|---|---|---|---|
| 001 | D13914 | ||
| 008 | 090401t1915 xxu||||| |||| 00| 0 eng d | ||
| 035 | _a(Sirsi) u12290 | ||
| 041 | _aeng | ||
| 100 | _aSkrimshire, Samuel | ||
| 245 | _aValuations: a textbook on valuation applied to the sale and purchase of freehold, lifehold, copyhold and leasehold property... | ||
| 260 |
_aLondon _bE & F Spon _c1915 |
||
| 350 | _a0 | ||
| 520 | _aShelf 135 | ||
| 942 | _n0 | ||
| 948 | _c04/03/1997 | ||
| 999 |
_c86968 _d86968 |
||